000 008300000a22002530004500
001 60975
100 _a20050907d2002 b||y0pory5003 ba
101 0 _apor
102 _aPT
200 1 _aO Polegarzinho
210 _a[Lisboa]
_cResomnia
_d2002
215 _a[10] p.
_ctodo il.
225 2 _aO sonho da criança II
300 _aColecção de livros auxiliares para o 1º. Ciclo do Ensino Básico
300 _aLetras tratadas: an, amb, amp.
305 _aConto de fadas europeu, recontado pelo escritor francês Charles Perrault.
606 _aLiteratura infantil -- Conto
675 _a087.5-053.4
_vBN
_zpor
090 _a60975
942 _cMON
_n0
999 _a22161